00665nam a2200217Ia 4500003000900000008004100009040001300050040001300063041000800076100001500084100000800099245005600107250001000163260001200173300001200185490001300197490000700210942000700217999001700224952020600241IT-RoPAU120407s9999 xx 000 0 und d aIT-RoPAU cIT-RoPAU afra aBenedictus csan a"La règle de saint Benoìt Comment. hist./crit." aParis aDu Cerf c19,5 cm aS.C.,185 v56 cBK c23137d23137 00102ddc406276_800000000000000_318171aPAULUSbPAULUSd2012-04-11l0o276.8.3181r2012-04-11 00:00:00w2012-04-11yBKzInserito da: Carla In data: 24 ottobre 2011 fondo: Via A.Severo 56 Progr:21176